00975 2200265 4500001002100000005001500021035002000036007000300056008004100059020002200100082001100122084002000133100002500153245008300178300003700261650001000298700002500308700003200333520020900365264004500574336002100619337003000640338002300670990001600693INLIS00000000116325120231002032521 a0010-0623000044ta231002 b 0 ind  a978-623-6675-24-3 a2X5.54 aSR 2X5.54 CAN a0 aCanun Kamilepenulis1 aAktivitas berkah menuju Jannah /cCanun Kamil, Fufu Elmart, Iana Laily Lukluah a39 halaman :bilustrasi ;c21 cm 4asurga0 aFufu Elmartepenulis0 aIana Laily Lukluahepenulis aMari mengisi hari-hari kita dengan kativitas berkah dan menyenangkan, dalam mepelajari Islam, memperkuat iman, serta menuju ihsan, hanya untuk Allah SWT. Buku ini akan menemani hari-harimu belajar ibadah. aBandung :bSakeena Lentera Berkah,c2021 2rdacontentaTeks 2rdamediaaTanpa perantara 2rdacarrieraVolume a51941.64761